[Event "Wch U18 Girls"]
[Site "Guarapuava"]
[Date "1995.??.??"]
[Round "7"]
[White "Trofimova, Olga"]
[Black "Blazkova, Petra"]
[Result "1/2-1/2"]
[WhiteElo "2245"]
[BlackElo "2200"]

1.c4 Nf6 2.Nf3 g6 3.g3 Bg7 4.Bg2 O-O 5.O-O d5 6.cxd5 Nxd5 7.d4 Nb6 8.Nc3 Nc6
9.d5 Na5 10.Qc2 Nxd5 11.Rd1 c6 12.Ne1 Bd7 13.Nxd5 cxd5 14.Rxd5 e6 15.Rd3 Rc8
16.Qd1 Rc7 17.Bf4 e5 18.Rc1 exf4 19.Rxc7 Qxc7 20.Rxd7 Qb6 21.b3 fxg3 22.hxg3 Be5
23.Kf1 Nc6 24.Qd5 Bc7 25.Nd3 Nb8 26.Nc5 Qf6 27.Bf3 Nxd7 28.Nxd7 Qa1+ 29.Kg2 Rd8
30.Qxb7 Rxd7 31.Qc8+ Rd8 32.Qxc7 Qd4 33.b4 Qd7 34.Qa5 Rc8 35.a4 Rc1 36.Qe5 Rc4
37.a5 Rxb4 38.a6 Qe6 39.Qc5 Rb6 40.Bb7 h5 41.Qc7 Qd6 42.Qc8+ Kg7 43.Qa8 Rxa6
44.Bxa6 Qxa6 45.Qd5 Qa1 46.e4 a5 47.e5 a4 48.e6 fxe6 49.Qxe6 Qd4 50.Qe7+ Kh6
51.Qf8+ Kh7 52.Qe7+ Qg7 53.Qc5 Qd7 54.Kh2 Qf5 55.Qa7+ Kh6 56.Qxa4 Qxf2+ 57.Kh3 Qf3
58.Kh2 Qf2+ 59.Kh3 g5 60.Qc6+ Kg7 61.Qd5 Qf6 62.Kh2 Kh6 63.Kg2 Qa6 64.Qf7 Qe2+
65.Kg1 Qe5 66.Kg2 g4 67.Qf2 Kg6  1/2-1/2

[Event "Gyongyos op "]
[Site "Gyongyos"]
[Date "1995.??.??"]
[Round "?"]
[White "Ivanov, Oleg"]
[Black "Miko, Sandor"]
[Result "1-0"]
[WhiteElo "2425"]
[BlackElo "2215"]

1.c4 Nf6 2.Nf3 g6 3.g3 Bg7 4.Bg2 O-O 5.O-O d6 6.Nc3 Nbd7 7.Rb1 e5 8.b4 c6
9.d3 Re8 10.b5 d5 11.bxc6 bxc6 12.Qa4 Nb6 13.Qxc6 Bd7 14.Qc5 dxc4 15.d4 Bf5
16.Nxe5 Rc8 17.Nc6 Qd7 18.Bg5 Bxb1 19.Rxb1 h6 20.Bxf6 Bxf6 21.Qb5 Re6 22.d5 Ree8
23.Ne4 Bg7 24.Nc5 Qd6 25.e4 c3 26.a4 Nd7 27.Nxd7 Qxd7 28.f4 Bf8 29.Qc4 Bg7
30.e5 Qf5 31.Be4 Qg4 32.Qxc3 Qe2 33.Qd4 g5 34.Qd3 Qa2 35.Bf5 Rxc6 36.dxc6 Bf8
37.Rc1 Ba3 38.Rc2 Qb1+ 39.Kg2 Qb6 40.c7  1-0

[Event "Wch U20"]
[Site "Halle"]
[Date "1995.??.??"]
[Round "2"]
[White "Fridman, Daniel"]
[Black "Hausrath, Daniel"]
[Result "1-0"]
[WhiteElo "2490"]
[BlackElo "2370"]

1.Nf3 Nf6 2.c4 g6 3.g3 Bg7 4.Bg2 O-O 5.d4 d6 6.Nc3 Nbd7 7.O-O e5 8.e4 c6
9.Rb1 Re8 10.d5 cxd5 11.cxd5 Nc5 12.Ne1 a5 13.Be3 b6 14.f3 Ba6 15.Rf2 Nfd7
16.a3 a4 17.Nc2 Bc4 18.Bf1 Bxf1 19.Qxf1 f5 20.Rd1 Rf8 21.Nb4 Nf6 22.Bg5 h6
23.Nc6 Qd7 24.Bxf6 Rxf6 25.Qe2 Raf8 26.Rdf1 h5 27.exf5 Rxf5 28.f4 Kh7 29.fxe5 Rxf2
30.Rxf2 Rxf2 31.Qxf2 dxe5 32.Qf3 Kh8 33.Nb4 Qf5 34.Qxf5 gxf5 35.d6 e4 36.Nbd5 Bxc3
37.Nxc3 Kg7 38.Nxa4 Nd7 39.Kf2 Kf6 40.Nc3 Ke6 41.Nb5 Ne5 42.b3 Nf7 43.d7 Kxd7
44.Nd4 Nd6 45.Ke3 b5 46.Kf4 Kc7 47.Ke5 Kd7 48.Ne2 Kc6 49.Nf4 Kc5 50.Ne6+ Kc6
51.Nf4 Kc5 52.Nxh5 e3 53.Nf4 Nf7+ 54.Kxf5 Kd4 55.h4 Nd6+ 56.Kg4 Ke4 57.a4 bxa4
58.bxa4 Nc4 59.h5 Ne5+ 60.Kh3 Nd3 61.Ng2 e2 62.h6  1-0

[Event "Wch U20"]
[Site "Halle"]
[Date "1995.??.??"]
[Round "3"]
[White "Hagesaether, Paal Vegard"]
[Black "Iordachescu, Viorel"]
[Result "0-1"]
[WhiteElo "2155"]
[BlackElo "2435"]

1.c4 Nf6 2.g3 g6 3.Bg2 Bg7 4.Nf3 O-O 5.O-O d6 6.Nc3 e5 7.d3 h6 8.Rb1 a6 9.b4 c6
10.c5 a5 11.b5 dxc5 12.Nxe5 Nd5 13.Nxd5 cxd5 14.Bb2 Re8 15.Nf3 d4 16.a4 Be6
17.e3 dxe3 18.fxe3 Bxb2 19.Rxb2 Nd7 20.d4 Qe7 21.Re1 Rad8 22.Rd2 cxd4 23.Nxd4 Nc5
24.Nxe6 Nxe6 25.Bd5 Ng5 26.e4 Qb4 27.Rf1 Rd7 28.Qg4 Ree7 29.Rdf2 Kg7 30.Rf4 Qd4+
31.Kh1 f5 32.Qd1 Qxd1 33.Rxd1 fxe4 34.h4 Nh3 35.Rff1 e3 36.Rde1 Nf2+ 37.Kg2 Nd3  0-1

[Event "Helsinki MatSK op"]
[Site "Helsinki"]
[Date "1995.??.??"]
[Round "?"]
[White "Salo, Tapio"]
[Black "Riipinen, Juha"]
[Result "1-0"]
[WhiteElo "2300"]
[BlackElo "2120"]

1.Nf3 Nf6 2.c4 g6 3.g3 Bg7 4.Bg2 O-O 5.O-O d5 6.cxd5 Nxd5 7.d4 c6 8.e4 Nf6
9.Nc3 Na6 10.Be3 Ng4 11.Bf4 Kh8 12.h3 Nf6 13.Qd2 Nh5 14.Bh6 f6 15.Rad1 Be6
16.d5 Bf7 17.g4 Bxh6 18.Qxh6 Ng7 19.dxc6 Qb6 20.e5 Qxb2 21.exf6 exf6 22.cxb7 Rad8
23.Ne4 Bxa2 24.Rxd8 Rxd8 25.Qf4 Qxb7 26.Qxf6 Qb6 27.Qh4 Qc7 28.Nfg5 h5 29.gxh5 Nf5
30.Qg4 Nh6 31.Qf3 Rg8 32.Qf6+ Rg7 33.Qxa6 Bc4 34.Qf6 Bxf1 35.Qf8+  1-0

[Event "Hlohovec op"]
[Site "Hlohovec"]
[Date "1995.??.??"]
[Round "?"]
[White "Kolesar, Milan"]
[Black "Kovacocy, Pavol"]
[Result "1-0"]
[WhiteElo "2255"]
[BlackElo "2270"]

1.c4 Nf6 2.Nf3 g6 3.g3 Bg7 4.Bg2 O-O 5.d4 d6 6.O-O Nbd7 7.Qc2 c6 8.Rd1 Qc7
9.Nc3 e5 10.b3 Re8 11.e4 a5 12.Ba3 Bf8 13.h3 exd4 14.Nxd4 Nc5 15.Rd2 Nh5
16.Kh2 Ng7 17.Rad1 h5 18.Ndb5 cxb5 19.Nxb5 Qb8 20.Nxd6 Bxd6 21.Rxd6 Nce6
22.h4 Qc7 23.Qc3 b5 24.Bb2 bxc4 25.Qe5 cxb3 26.axb3 Ra7 27.f4 Qe7 28.Bf1 Rc7
29.Bc4 a4 30.f5 f6 31.Qb5 gxf5 32.exf5 Rc5 33.Qxc5 axb3 34.Bxb3 Qb7 35.Qd5 Qxd5
36.R6xd5 Nf8 37.Rd8+ Kh7 38.Rxe8 Nxe8 39.Rd8 Bd7 40.Ba3 Kg7 41.Bxf8+  1-0

[Event "Hlohovec op"]
[Site "Hlohovec"]
[Date "1995.??.??"]
[Round "?"]
[White "Pal, Peter"]
[Black "Boric, Muhamed"]
[Result "0-1"]
[WhiteElo "2285"]
[BlackElo "2445"]

1.Nf3 Nf6 2.c4 g6 3.g3 Bg7 4.Bg2 O-O 5.O-O c6 6.d4 d6 7.Nc3 Qa5 8.Qc2 Qh5
9.Bg5 h6 10.Bxf6 Bxf6 11.Rfe1 Bg7 12.Rad1 Na6 13.a3 Be6 14.Na2 Nc7 15.Nb4 a5
16.Nd3 g5 17.a4 Qg6 18.Rc1 Bf5 19.Qd2 Be4 20.Qe3 f5 21.Nd2 Ne6 22.Nb3 Bxg2
23.Kxg2 f4 24.Qd2 fxg3 25.hxg3 Nxd4 26.Nxd4 Bxd4 27.Rh1 Bg7 28.b3 Qe4+ 29.f3 Qd4
30.Qc2 Rf6 31.Nf2 Re6 32.Ng4 Qb2 33.Qxb2 Bxb2 34.Rc2 Bg7 35.e4 Kf7 36.Ne3 Rh8
37.g4 h5 38.gxh5 Reh6 39.Nf5 Rxh5 40.Rxh5 Rxh5 41.Rc1 Be5 42.Rh1 Rxh1 43.Kxh1 e6
44.Ne3 Bf4 45.Nd1 Kf6 46.Kg2 Ke5 47.Kf2 Kd4 48.Ke2 b6 49.Kf2 Kd3 50.Ke1 Kc2
51.b4 axb4 52.c5 dxc5  0-1

[Event "HUN-chT1"]
[Site "HUN"]
[Date "1995.??.??"]
[Round "?"]
[White "Vadasz, Laszlo"]
[Black "Vigh, Bela"]
[Result "1/2-1/2"]
[WhiteElo "2365"]
[BlackElo "2370"]

1.Nf3 Nf6 2.c4 g6 3.g3 Bg7 4.Bg2 O-O 5.O-O d6 6.Nc3 Nc6 7.d4 a6 8.Bd2 Rb8
9.Rc1 Bg4 10.d5 Na5 11.b3 c5 12.a4 b6 13.Re1 Qc8 14.e4 Nd7  1/2-1/2

[Event "HUN-chT2 9495"]
[Site "HUN"]
[Date "1995.??.??"]
[Round "?"]
[White "Fancsy, Imre"]
[Black "Biro, Andras"]
[Result "1-0"]
[WhiteElo "2365"]
[BlackElo "2290"]

1.Nf3 Nf6 2.c4 g6 3.g3 Bg7 4.Bg2 O-O 5.d4 d6 6.Nc3 c5 7.O-O Nc6 8.dxc5 dxc5
9.Be3 Nd7 10.Qc1 Rb8 11.Rd1 Qa5 12.Bh6 a6 13.Bf4 Nde5 14.Nxe5 Nxe5 15.Rd5 f6
16.Ne4 Be6 17.Bxe5 fxe5 18.Nxc5 Bxd5 19.Bxd5+ e6 20.Nxe6 Rfc8 21.Ng5+ Kf8
22.Qe3 Ke7 23.Nxh7 Qc7 24.Qg5+ Kd6 25.Qxg6+ Kc5 26.Ng5  1-0

[Event "HUN-chT1"]
[Site "HUN"]
[Date "1995.??.??"]
[Round "?"]
[White "Nemeth, Zoltan"]
[Black "Zila, Laszlo"]
[Result "1-0"]
[WhiteElo "2380"]
[BlackElo "2195"]

1.c4 Nf6 2.Nf3 g6 3.g3 Bg7 4.Bg2 O-O 5.d4 d6 6.O-O a6 7.Nc3 Nc6 8.d5 Na5
9.Nd2 c5 10.Rb1 Rb8 11.b4 cxb4 12.Rxb4 Nd7 13.Bb2 Qc7 14.Qa1 Bh6 15.Ncb1 Nc5
16.Rc1 Bg4 17.Bf1 Bf5 18.f4 e5 19.e3 exf4 20.exf4 Nd3 21.Bxd3 Qc5+ 22.Bd4 Qxb4
23.a3 Qa4 24.Bxf5 gxf5 25.Nc3 Qd7 26.Bb6 Rfc8 27.Nd1 Bg7 28.Qb1 Nc6 29.Qd3 Ne7
30.Ne3 Re8 31.Nf3 Nc8 32.Bd4 Bxd4 33.Nxd4 Qe7 34.Ndxf5 Qf6 35.Ng4 Qg6 36.Qd4 Ne7
37.Nf6+ Kf8 38.Nd7+  1-0

[Event "HUN-chT1"]
[Site "HUN"]
[Date "1995.??.??"]
[Round "?"]
[White "Ruck, Robert"]
[Black "Vadasz, Laszlo"]
[Result "1-0"]
[WhiteElo "2460"]
[BlackElo "2365"]

1.c4 g6 2.g3 Bg7 3.Bg2 Nf6 4.Nf3 O-O 5.O-O d6 6.d4 Nc6 7.Nc3 a6 8.Bd2 Bg4
9.b3 Bxf3 10.Bxf3 Nxd4 11.Bxb7 Rb8 12.Bg2 Nd7 13.Rc1 Ne6 14.Nd5 c5 15.e3 Nf6
16.h4 Nxd5 17.Bxd5 Nc7 18.Bf3 Ne8 19.Kg2 Nf6 20.h5 g5 21.h6 Bxh6 22.e4 Kh8
23.Rh1 Ng8 24.Rh5 f5 25.Qh1 g4 26.Be2  1-0

[Event "HUN-chT2 9495"]
[Site "HUN"]
[Date "1995.??.??"]
[Round "?"]
[White "Fekete, Albert"]
[Black "Herpai, Jozsef"]
[Result "1-0"]
[WhiteElo "2265"]
[BlackElo "2310"]

1.Nf3 Nf6 2.g3 g6 3.Bg2 Bg7 4.c4 O-O 5.Nc3 c6 6.e4 d6 7.O-O e5 8.d3 Na6 9.Rb1 Nc7
10.Bd2 Ne6 11.Qc1 Ne8 12.Ne2 N8c7 13.Bh6 c5 14.Ne1 Rb8 15.Bxg7 Nxg7 16.f4 Bg4
17.Nc3 f6 18.f5 g5 19.h3 Bh5 20.g4 Be8 21.h4 h6 22.hxg5 hxg5 23.Kf2 Kf7 24.Rh1 Bc6
25.Nf3 Rh8 26.Nxg5+ fxg5 27.Rxh8 Qxh8 28.Qxg5 Qh2 29.Qg6+ Kg8 30.Rh1 Qf4+
31.Bf3 Rf8 32.Ne2 Qd2 33.g5 Ne8 34.f6 Qxd3 35.Bg4 Qxc4 36.b3 Bxe4 37.Rh8+ Kxh8
38.Qh6+ Bh7 39.bxc4 Kg8 40.Ng3 Rf7 41.Ke2  1-0

[Event "HUN-chT2 9495"]
[Site "HUN"]
[Date "1995.??.??"]
[Round "?"]
[White "Vargyas, Zoltan"]
[Black "Hevesi, Zoltan"]
[Result "1/2-1/2"]
[WhiteElo "2255"]
[BlackElo "2200"]

1.Nf3 Nf6 2.c4 g6 3.g3 Bg7 4.Bg2 O-O 5.O-O c6 6.Nc3 d5 7.d4 Nbd7 8.cxd5 cxd5
9.Qb3 Nb6 10.Ne5 Be6 11.Nd3 Ne4 12.Nf4 Nxc3 13.bxc3 Qd7 14.e4 Rfd8 15.a4 dxe4
16.Nxe6 Qxe6 17.Qxe6 fxe6 18.Bxe4 Rac8 19.Ra3 e5  1/2-1/2

[Event "HUN-chT2 9495"]
[Site "HUN"]
[Date "1995.??.??"]
[Round "?"]
[White "Seres, Lajos"]
[Black "Sax, Gyula"]
[Result "1/2-1/2"]
[WhiteElo "2430"]
[BlackElo "2535"]

1.Nf3 Nf6 2.c4 g6 3.g3 Bg7 4.Bg2 O-O 5.O-O d5 6.cxd5 Nxd5 7.d4 Nb6 8.Nc3 Nc6
9.e3 Re8 10.h3 a5 11.d5 Nb4 12.e4 c6 13.a3 Na6 14.dxc6 bxc6 15.Qc2 Rb8 16.Rd1 Bd7
17.Bf1 Qc8 18.Kh2 c5  1/2-1/2

[Event "HUN-chT2 9495"]
[Site "HUN"]
[Date "1995.??.??"]
[Round "?"]
[White "Loginov, Valery A"]
[Black "Biro, Andras"]
[Result "1-0"]
[WhiteElo "2550"]
[BlackElo "2290"]

1.Nf3 Nf6 2.g3 g6 3.c4 Bg7 4.Bg2 O-O 5.d4 d6 6.O-O c5 7.dxc5 dxc5 8.Ne5 Qc7
9.Nd3 Nfd7 10.Bd2 Nc6 11.Nc3 Nce5 12.Nd5 Qd6 13.Bf4 Rb8 14.Rc1 a6 15.Rc2 h6
16.h4 b5 17.Rd2 bxc4 18.Nxe5 Nxe5 19.Ne3 Qe6 20.Bd5 Qf6 21.Bxe5 Qxe5 22.Nxc4 Qc7
23.b3 a5 24.Qc2 e6 25.Bf3 Ba6 26.Rc1 Rb4 27.Nb2 Rd4 28.Rxd4 Bxd4 29.e3 Bf6
30.Nd3 Rc8 31.Nf4 Kg7 32.h5 c4 33.Nxe6+ fxe6 34.Qxg6+ Kh8 35.Qxh6+ Kg8 36.Qxf6 Qf7
37.Qxf7+ Kxf7 38.bxc4 Rxc4 39.Rxc4 Bxc4 40.a3 Kf6 41.Kg2  1-0

[Event "Papp Bela mem"]
[Site "HUN"]
[Date "1995.??.??"]
[Round "?"]
[White "Bako, Viktor"]
[Black "Othman, A Moussa"]
[Result "1-0"]
[WhiteElo "2265"]
[BlackElo "2225"]

1.c4 Nf6 2.Nf3 g6 3.g3 Bg7 4.Bg2 O-O 5.O-O d6 6.d4 c6 7.Nc3 Qa5 8.e4 e5 9.h3 Be6
10.d5 cxd5 11.cxd5 Bd7 12.a3 Rc8 13.Re1 Qd8 14.Be3 Rxc3 15.bxc3 Nxe4 16.Qb1 Bf5
17.g4 Nxc3 18.Qxb7 Nd7 19.gxf5 gxf5 20.Rac1 e4 21.Bg5 Nc5 22.Bxd8 Nxb7 23.Nh4 Rxd8
24.Nxf5 Be5 25.Ne7+ Kf8 26.Nc6 Rc8 27.Bxe4 Bf6 28.Re3 Re8 29.Rce1 h6 30.Bf3 Rc8
31.Rxc3 Bxc3 32.Re7 Nc5 33.Rxa7 Kg7 34.Bh5 Kf6 35.Rxf7+ Kg5 36.Bg4 Ra8 37.Ne7 Bf6
38.f4+  1-0

[Event "HUN-chT2 9495"]
[Site "HUN"]
[Date "1995.??.??"]
[Round "?"]
[White "Fancsy, Imre"]
[Black "Deak, Sandor"]
[Result "0-1"]
[WhiteElo "2365"]
[BlackElo "2325"]

1.Nf3 Nf6 2.c4 g6 3.g3 Bg7 4.Bg2 O-O 5.d4 d6 6.Nc3 Nc6 7.O-O e5 8.d5 Ne7
9.c5 dxc5 10.Nxe5 Nfxd5 11.Nxd5 Nxd5 12.Nxf7 Kxf7 13.Bxd5+ Ke8 14.Qb3 c6
15.Bg2 Qe7 16.Be3 Be6 17.Qa3 Rf5 18.Rfd1 c4 19.Qxe7+ Kxe7 20.Bd4 Bxd4 21.Rxd4 Rb5
22.Rd2 Rd8 23.Rc2 Ra5 24.f4 Ra6 25.a3 b5 26.Rac1 c5 27.e4 Rad6 28.Bf3 Rd3
29.Kf2 h5 30.Be2 R3d4 31.Ke3 Bc8 32.a4 a6 33.axb5 axb5 34.b3 Bb7 35.bxc4 Bxe4
36.Ra2 b4 37.Ra7+ Kf8 38.Ra5 b3 39.Rb5 Bc2 40.Kf2 Re8 41.Bf3 Rd2+ 42.Kg1 Re3
43.Bg2 Bd3 44.Rb8+ Kg7 45.Rb7+ Kh6 46.Bd5 b2 47.Rf1 Bxf1 48.Bg8 g5 49.f5 g4
50.h4 gxh3  0-1

[Event "HUN-chT1 9596"]
[Site "HUN"]
[Date "1995.??.??"]
[Round "3"]
[White "Konopka, Michal"]
[Black "Szalanczy, Emil"]
[Result "1-0"]
[WhiteElo "2395"]
[BlackElo "2420"]

1.Nf3 Nf6 2.c4 g6 3.g3 Bg7 4.Bg2 O-O 5.O-O c5 6.d4 cxd4 7.Nxd4 Nc6 8.Nc3 Nxd4
9.Qxd4 d6 10.Qd3 Bf5 11.e4 Bd7 12.h3 Bc6 13.Bd2 e6 14.Rfd1 Qb6 15.b3 Rfd8
16.Rac1 Rd7 17.Nd5 exd5 18.exd5 Nxd5 19.Bxd5 Re8 20.Be3 Qa5 21.Qd2 Qa3 22.Qc2 Rde7
23.Bxc6 bxc6 24.Rd3 h5 25.Rcd1 Re6 26.Kg2 Be5 27.R1d2 a6 28.Bd4 Qa5 29.Bxe5 dxe5
30.Qc3 Qc5 31.Rd8 Rxd8 32.Rxd8+ Kg7 33.Qe3 Qe7 34.Rd2 a5 35.h4 Qb4 36.Rd7 a4
37.Qd2 Qxd2 38.Rxd2 axb3 39.axb3 e4 40.b4 Kf6 41.Rd7 Ke5 42.Rxf7 Kd4 43.c5 Kc4
44.Rd7 Re8 45.Rd6 Rc8 46.Rxg6 Kxb4 47.Rg5 Ra8 48.Rxh5 Kc4 49.Rf5 Ra2 50.Kh3  1-0

[Event "HUN-chT1 9596"]
[Site "HUN"]
[Date "1995.??.??"]
[Round "6"]
[White "Fancsy, Imre"]
[Black "Vigh, Bela"]
[Result "1/2-1/2"]
[WhiteElo "2365"]
[BlackElo "2370"]

1.Nf3 Nf6 2.c4 g6 3.g3 Bg7 4.Bg2 O-O 5.d4 d6 6.Nc3 Nc6 7.O-O a6 8.h3 Rb8
9.e4 b5 10.e5 dxe5 11.dxe5 Qxd1 12.Rxd1 Nd7 13.cxb5 axb5 14.e6 fxe6 15.Be3 Nb6
16.Ng5 Nb4 17.Bc5 Bxc3 18.bxc3 N4d5 19.Re1 Na4 20.Ba7 Ra8 21.Nxe6 Bxe6 22.Rxe6 Naxc3
23.Bc5  1/2-1/2

[Event "Kemerovo2"]
[Site "Kemerovo"]
[Date "1995.??.??"]
[Round "1"]
[White "Khasin, Alexander"]
[Black "Zaitsev, Vadim"]
[Result "1-0"]
[WhiteElo "2485"]
[BlackElo "2350"]

1.Nf3 Nf6 2.c4 g6 3.g3 Bg7 4.Bg2 O-O 5.Nc3 d6 6.O-O Nc6 7.d4 a6 8.h3 Rb8
9.e4 b5 10.e5 dxe5 11.dxe5 Qxd1 12.Rxd1 Nd7 13.e6 fxe6 14.cxb5 axb5 15.Bf4 Nde5
16.Nxe5 Nxe5 17.Rac1 c5 18.Ne4 c4 19.Nc5 Rb6 20.b3 Rd6 21.Re1 Nd3 22.Nxd3 Rxd3
23.bxc4 bxc4 24.Rxc4 Ra3 25.Rc2 Bd7 26.Rc7 Rd3 27.Bf1 Rd4 28.Bc4 Kf7 29.Be3 Rd6
30.Bc5 Rc6 31.Rxc6 Bxc6 32.Bxe6+  1-0

[Event "Kemerovo2"]
[Site "Kemerovo"]
[Date "1995.??.??"]
[Round "3"]
[White "Trofimova, Olga"]
[Black "Nevostrujev, Vladimir"]
[Result "0-1"]
[WhiteElo "2245"]
[BlackElo "2410"]

1.Nf3 Nf6 2.c4 g6 3.g3 Bg7 4.Bg2 O-O 5.O-O d6 6.d4 Nbd7 7.Nc3 e5 8.e4 exd4
9.Nxd4 Re8 10.h3 Nc5 11.Re1 a5 12.b3 c6 13.Rb1 h6 14.Bf4 a4 15.b4 Ne6 16.Nxe6 Bxe6
17.Bxd6 Nd7 18.e5 Bf5 19.Rb2 Rxe5 20.Bxe5 Bxe5 21.Rxe5 Nxe5 22.Qxd8+ Rxd8
23.Nxa4 Rd1+ 24.Kh2 Nxc4 25.Re2 Rb1 26.g4 Rxb4 27.gxf5 Rxa4 28.Re8+ Kg7 29.fxg6 Rxa2
30.Re7 Rxf2 31.Kg3 Rf6 32.Rxb7 Rxg6+ 33.Kf2 Rf6+ 34.Ke2 Rd6 35.Rc7 Rd2+ 36.Kf3 Ne5+
37.Kg3 Kf6 38.Be4 Rd4 39.Kf4 Ke6 40.Ke3 Rc4 41.Rc8 f5 42.Bb1 f4+ 43.Kf2 Rb4
44.Bh7 Rb2+ 45.Kf1 Rh2 46.Be4 Rxh3 47.Bxc6 Kf5 48.Rf8+ Kg5 49.Be4 Nc4 50.Rg8+ Kh4
51.Rf8 Nd2+ 52.Ke2 Re3+ 53.Kxd2 Rxe4 54.Kd3 Re3+ 55.Kd2 Kg3  0-1

[Event "Kiekrz op"]
[Site "Kiekrz"]
[Date "1995.??.??"]
[Round "5"]
[White "Weglarz, Leszek"]
[Black "Wagner, H."]
[Result "0-1"]
[WhiteElo "2365"]
[BlackElo "2255"]

1.Nf3 Nf6 2.c4 g6 3.g3 Bg7 4.Bg2 O-O 5.O-O d6 6.Nc3 c6 7.d4 Qa5 8.e4 Qh5
9.e5 dxe5 10.dxe5 Ng4 11.Re1 Nd7 12.Bf4 g5 13.h3 gxf4 14.hxg4 Qxg4 15.Re4 Bh6
16.Ne2 Nc5 17.Rxf4 Bxf4 18.Nxf4 Ne6 19.Bh3 Qg7 20.Nh5 Qh6 21.Nh4 Rd8 22.Qg4+ Ng7
23.Qxg7+ Qxg7 24.Nxg7 Bxh3 25.Ngf5 Kf8 26.Kh2 Bxf5 27.Nxf5 Rd2 28.Kg2 e6
29.Nd6 Re2 30.Rh1 Kg7 31.Rh4 Rxe5 32.Rg4+ Kf8 33.b4 b6 34.Rf4 f5 35.Rh4 Kg7
36.Rd4 c5 37.bxc5 bxc5 38.Rd2 Rb8 39.Nb5 Rb7 40.Rd6 Kf6 41.a4 Rb6 42.Rd7 a6
43.Nd6 Re2 44.Ne8+ Ke5 45.Rd3 Rbb2 46.Rf3 Re4 47.Nc7 Rb7 48.Nxa6 Rxc4 49.a5 Kd5
50.Rd3+ Rd4 51.Rc3 c4 52.Rc2 e5  0-1

[Event "Kishinev Interzonal (Women)"]
[Site "Kishinev"]
[Date "1995.??.??"]
[Round "2"]
[White "Maric, Alisa"]
[Black "Belakovskaia, Anjelina"]
[Result "1/2-1/2"]
[WhiteElo "2445"]
[BlackElo "2345"]

1.Nf3 Nf6 2.c4 g6 3.g3 Bg7 4.Bg2 O-O 5.d4 c5 6.O-O cxd4 7.Nxd4 Nc6 8.Nc3 d6
9.Nxc6 bxc6 10.Bxc6 Rb8 11.Bg2 Qa5 12.Qc2 Bb7 13.Bxb7 Rxb7 14.Bd2 Rc8 15.b3 d5
16.Na4 Qa6 17.Bc3 dxc4 18.b4 Nd7 19.Rfd1 Qc6  1/2-1/2

[Event "Kishinev Interzonal (Women)"]
[Site "Kishinev"]
[Date "1995.??.??"]
[Round "6"]
[White "Janjgava, Natia"]
[Black "Sakhatova, Elvira"]
[Result "1/2-1/2"]
[WhiteElo "2280"]
[BlackElo "2340"]

1.Nf3 Nf6 2.c4 g6 3.g3 Bg7 4.Bg2 O-O 5.O-O d6 6.d4 Nc6 7.Nc3 e5 8.d5 Ne7
9.e4 Bg4 10.h3 Bd7 11.Ne1 Qc8 12.Kh2 Nh5 13.Nd3 f5 14.exf5 Nxf5 15.Ne4 Nf6
16.Nxf6+ Bxf6 17.f4 exf4 18.Bxf4 Rf7 19.Qd2 Qf8 20.Rae1 Re8 21.Qa5 Rxe1 22.Rxe1 Qb8
23.Qd2 Qd8 24.Qd1 Re7 25.c5 Rxe1 26.Qxe1 Qe7 27.Qxe7 Bxe7 28.c6 Bc8 29.cxb7 Bxb7
30.Nb4 Bf6 31.b3 Kf7 32.g4 Ne7 33.Be3 a5 34.Nc6 Bxc6 35.dxc6 Bc3 36.Kg3 Ke6
37.Bg5  1/2-1/2

[Event "Kishinev Interzonal (Women)"]
[Site "Kishinev"]
[Date "1995.??.??"]
[Round "12"]
[White "Maric, Alisa"]
[Black "Skripchenko, Almira"]
[Result "1-0"]
[WhiteElo "2445"]
[BlackElo "2400"]

1.Nf3 Nf6 2.c4 g6 3.g3 Bg7 4.Bg2 O-O 5.O-O d6 6.d4 Nc6 7.Nc3 e5 8.d5 Ne7
9.e4 Nd7 10.Ne1 f5 11.Nd3 Kh8 12.f4 exf4 13.Bxf4 h6 14.Kh1 fxe4 15.Nxe4 Nf5
16.Qc1 Ne5 17.Nxe5 dxe5 18.Bd2 a5 19.b4 axb4 20.Bxb4 Re8 21.h3 b5 22.c5 Qxd5
23.Nf6 Nxg3+ 24.Kh2 Nxf1+ 25.Qxf1 Qe6 26.Nxe8 Qxe8 27.Bxa8 e4 28.Rd1 Bf5
29.Bd5 c6 30.Bxc6 Qxc6 31.Qf4 Qe6 32.Bc3 Kh7 33.Qc7 Qg8  1-0

[Event "Klatovy op"]
[Site "Klatovy"]
[Date "1995.??.??"]
[Round "5"]
[White "Shurygin, Sergey"]
[Black "Duran, Tomas"]
[Result "1-0"]
[WhiteElo "2295"]
[BlackElo "2085"]

1.Nf3 Nf6 2.c4 g6 3.g3 Bg7 4.Bg2 O-O 5.O-O d6 6.d4 c6 7.h3 Qc7 8.Nc3 e5 9.e4 Re8
10.Be3 Nbd7 11.Qc2 Nf8 12.Rad1 Be6 13.b3 Rad8 14.Rd2 Bc8 15.Rfd1 Ne6 16.d5 Nf8
17.dxc6 bxc6 18.c5 d5 19.exd5 cxd5 20.Nxd5 Nxd5 21.Rxd5 Rxd5 22.Rxd5 Bf5
23.Qd1 Be4 24.Rd6 Ne6 25.Rd7 Qa5 26.Qd2 Qa6 27.Ng5 Bxg2 28.Kxg2 Nd4 29.Rd6 Qb7+
30.f3 h6 31.Ne4 f5 32.c6 Qf7 33.Rd7 Re7 34.Nd6 Qe6 35.c7  1-0

[Event "Konik op"]
[Site "?"]
[Date "1995.??.??"]
[Round "?"]
[White "Dufka, J."]
[Black "Klima, Lukas"]
[Result "1/2-1/2"]
[WhiteElo "2015"]
[BlackElo "2270"]

1.Nf3 Nf6 2.g3 g6 3.Bg2 Bg7 4.c4 O-O 5.Nc3 d6 6.d4 Nbd7 7.e4 e5 8.dxe5 dxe5
9.Qe2 c6 10.h3 Qc7 11.Be3 Re8 12.Nh2 Nf8 13.O-O Ne6 14.Rac1 Nd4 15.Qe1 Be6
16.Ne2 Nh5 17.Bxd4 exd4 18.Qd2 Rad8 19.g4 Nf6 20.Qd3 Nd7 21.b3 Nc5 22.Qd2 d3
23.Ng3 Bc8 24.Rfe1 Be5 25.Nhf1 Bf4 26.Ne3 Bxg3 27.fxg3 Nxe4 28.Bxe4 Rxe4
29.Kh2 Qd6 30.Ng2 Rde8 31.Rxe4 Rxe4 32.Rc3 Re2 33.Qxd3 Qxd3 34.Rxd3 Be6 35.a4 Kf8
36.Kg1 Ke7 37.Nf4 Rb2 38.Re3 Kd6 39.c5+ Ke7 40.g5 b6 41.cxb6 axb6 42.Nxe6 fxe6
43.Rd3 e5 44.Kf1 Ke6 45.g4 e4 46.Rd4 Ke5 47.Rc4 c5 48.a5 Rxb3 49.axb6 Kd5
50.Ra4 Rxh3 51.Ra7 Rb3 52.Rd7+ Kc6 53.Rxh7 Rxb6 54.Ke2 Kd5 55.Ke3 Rb3+ 56.Kf2 Ke5
57.Rc7 Rc3 58.Rc6 Kf4 59.Rxg6 Rc2+ 60.Kf1 Kxg4 61.Rg8 Kf5 62.g6 Kf6 63.g7 Rc4
64.Ke2 Kf7 65.Re8 Kxg7 66.Ke3 Kf6 67.Rxe4 Rc3+ 68.Kd2 Rh3 69.Re3 Rh4 70.Kc3  1/2-1/2

[Event "Clarin op"]
[Site "La Carlota"]
[Date "1995.??.??"]
[Round "3"]
[White "Spangenberg, Hugo"]
[Black "Giaccio, Alfredo"]
[Result "0-1"]
[WhiteElo "2490"]
[BlackElo "2410"]

1.Nf3 Nf6 2.c4 g6 3.g3 Bg7 4.Bg2 O-O 5.O-O d6 6.Nc3 c6 7.d4 Qa5 8.e4 Qh5
9.e5 dxe5 10.dxe5 Ng4 11.Re1 Nd7 12.Bf4 g5 13.Bxg5 Ndxe5 14.h4 Nxc4 15.Qe2 Nge5
16.Nxe5 Qxe2 17.Rxe2 Nxe5 18.Bxe7 Re8 19.Bg5 h6 20.Bd2 Bg4 21.Re4 Be6 22.Bxh6 Bd5
23.Nxd5 cxd5 24.Re2 Bxh6 25.Rae1 Bd2 26.Rd1 Bh6 27.Rxd5 Nc6 28.Rxe8+ Rxe8
29.Rd7 Re1+ 30.Kh2 Re2 31.Rxb7 Rxf2 32.Kh3 Ne5 33.Rxa7 Rxb2 34.Re7 Ng6 35.Rb7 Rd2
36.a4 Rd3 37.Bf1 Ra3 38.Bc4 Ne5 39.Bb3 Be3 40.Rb5 Kg7 41.Rxe5 Rxb3 42.Rf5 Bd2
43.Rf2 Ba5 44.Rf5 Bc7 45.Rg5+ Kh6 46.Kg2 Ra3 47.Rg4 f6 48.Kh2 Bd6 49.Kg2 Kh5
50.Kh3 Be5 51.Rg8 Kh6 52.Rg4 Ra2 53.Rc4 Ra1 54.Kg2 Kh5 55.Kh3 Rg1 56.Kh2 Rxg3
57.Kh1 Rh3+ 58.Kg2 Rxh4 59.Rc8 Rxa4 60.Kf3 Kg5 61.Rc2 f5 62.Rg2+ Rg4 63.Rd2 Rg3+
64.Kf2  0-1

[Event "La Coruna TH op"]
[Site "La Coruna"]
[Date "1995.??.??"]
[Round "9"]
[White "Paunovic, Dragan"]
[Black "Paramos Dominguez, Roberto"]
[Result "1-0"]
[WhiteElo "2460"]
[BlackElo "2375"]

1.Nf3 Nf6 2.c4 g6 3.g3 Bg7 4.Bg2 O-O 5.d4 d6 6.O-O Nbd7 7.Qc2 e5 8.Rd1 Qe7
9.Nc3 c6 10.e4 exd4 11.Nxd4 Re8 12.b3 Nc5 13.f3 a5 14.Be3 Nfd7 15.Bf2 h5
16.Rab1 h4 17.gxh4 Be5 18.Nce2 Nf6 19.Ng3 Nh7 20.h5 Ng5 21.Qd2 Qf6 22.Kh1 Bh3
23.Be3 Bxg2+ 24.Qxg2 Nce6 25.Nxe6 Nxe6 26.hxg6 fxg6 27.Rf1 Nf4 28.Bxf4 Qxf4
29.Ne2 Qh6 30.f4 Bg7 31.Rbd1 Re6 32.Rd3 Qh4 33.Rg3 Rae8 34.Rxg6 Rxg6 35.Qxg6 Qe7
36.Ng3 Qe6 37.Qxe6+ Rxe6 38.Kg2 Kf7 39.h4  1-0

[Event "Le Touquet op"]
[Site "Le Touquet"]
[Date "1995.??.??"]
[Round "?"]
[White "Giffard, Nicolas"]
[Black "Gurevich, Vladimir"]
[Result "0-1"]
[WhiteElo "2390"]
[BlackElo "2445"]

1.Nf3 Nf6 2.c4 g6 3.g3 Bg7 4.Bg2 O-O 5.O-O d6 6.Nc3 e5 7.d3 Nc6 8.Rb1 a5
9.a3 h6 10.b4 axb4 11.axb4 Be6 12.b5 Ne7 13.Qb3 Nd7 14.Ba3 f5 15.Nd2 Rb8
16.Bb2 g5 17.Ra1 g4 18.Qc2 f4 19.Nce4 Nf5 20.Ra7 h5 21.Rfa1 Bh6 22.Nb3 h4
23.d4 fxg3 24.hxg3 hxg3 25.Nxg3 Qh4 26.dxe5 Be3 27.Bd4 Nxd4 28.Qg6+ Kh8 29.fxe3 Nxe5  0-1

[Event "Litomysl op"]
[Site "Litomysl"]
[Date "1995.??.??"]
[Round "1"]
[White "Sergeev, Vladimir"]
[Black "Komora, Andrej"]
[Result "1-0"]
[WhiteElo "2415"]
[BlackElo "2110"]

1.Nf3 Nf6 2.g3 g6 3.Bg2 Bg7 4.c4 O-O 5.Nc3 d6 6.d4 Nbd7 7.O-O e5 8.e4 Re8
9.h3 exd4 10.Nxd4 Nc5 11.Re1 a5 12.b3 Bd7 13.Bf4 Nh5 14.Be3 Nf6 15.f3 Ne6
16.Nde2 Qe7 17.Rc1 Rad8 18.Kh2 c5 19.Qd2 b6 20.Rcd1 Bc6 21.a4 Rd7 22.Bf2 Nc7
23.Be3 d5 24.cxd5 Bxd5 25.Qc2 Be6 26.Rxd7 Bxd7 27.Bf2 Bc6 28.Nf4 Qd6 29.Nd1 h5
30.Nd3 Qe7 31.N1b2 Nd7 32.Nc4 Ne6 33.e5 h4 34.gxh4 Bd5 35.f4 Bxg2 36.Kxg2 Nd4
37.Bxd4 cxd4 38.Nd6 Rd8 39.Qc4 Nc5 40.Nxc5 bxc5 41.Rf1 Qc7 42.Kg3 Rb8 43.Qd5 Rb6
44.Rf3 Bf8 45.Nc4 Ra6 46.h5 gxh5 47.f5 Be7 48.Kg2 Bh4 49.f6 Kh8 50.Qe4 Bg5
51.Rf5 Bxf6 52.exf6  1-0